Právo ochrany spotřebitele - postavení v systému práva
Verejnoprávna a súkromnoprávna ochrana v Českej republike. Právo ochrany spotrebiteľa. Vymedzenie pojmu ochrana spotrebiteľa. Právo ochrany spotrebiteľa v zahraničí. Implementácia európskych smerníc. Prehľad implementácie európskych smerníc do práva ČR.
Saved in:
| Main Author: | |
|---|---|
| Format: | Book Chapter |
| Language: | Czech |
| Subjects: | |
| Tags: |
No Tags, Be the first to tag this record!
|
MARC
| LEADER | 00000naa$a2200000$$$4500 | ||
|---|---|---|---|
| 001 | 0035797 | ||
| 005 | 20231114081625.9 | ||
| 041 | 0 | |a cze | |
| 044 | |a CZ | ||
| 245 | 1 | 0 | |a Právo ochrany spotřebitele - postavení v systému práva |c Jiřina Kotoučová |
| 520 | |a Verejnoprávna a súkromnoprávna ochrana v Českej republike. Právo ochrany spotrebiteľa. Vymedzenie pojmu ochrana spotrebiteľa. Právo ochrany spotrebiteľa v zahraničí. Implementácia európskych smerníc. Prehľad implementácie európskych smerníc do práva ČR. | ||
| 610 | 2 | 0 | |a Česko |
| 610 | 2 | 0 | |a právo obchodné |
| 610 | 2 | 0 | |a ochrana spotrebiteľa |
| 610 | 2 | 0 | |a aproximácia práva |
| 610 | 2 | 0 | |a Európska únia |
| 610 | 2 | 0 | |a krajiny vyspelé |
| 610 | 2 | 0 | |a sektor súkromný |
| 610 | 2 | 0 | |a smernice |
| 100 | 1 | |a Kotoučová, Jiřina | |